| 000 | 01100pam a2200313 a 4500 | ||
|---|---|---|---|
| 999 |
_c19925 _d19925 |
||
| 001 | 461676 | ||
| 003 | BDDh-ASL | ||
| 005 | 20231015025825.0 | ||
| 008 | 830801s1984 njub b 001 0 eng | ||
| 010 | _a 83016008 | ||
| 020 |
_a069106590X : _c$32.50 |
||
| 040 |
_aDLC _cDLC _dDLC _dBDDh-ASL |
||
| 043 | _aa-ii--- | ||
| 050 | 0 | 0 |
_aDS486.L9 _bO42 1984 |
| 082 | 0 | 0 |
_a954.2 _219 _bOLM |
| 100 | 1 | _aOldenburg, Veena Talwar. | |
| 245 | 1 | 4 |
_aThe making of colonial Lucknow, 1856-1877 / _cVeena Talwar Oldenburg. |
| 260 |
_aPrinceton, N.J. : _bPrinceton University Press, _cc1984. |
||
| 300 |
_axxv, 287 p. : _b2 maps ; _c22 cm. |
||
| 500 | _aRevision of thesis (doctoral)--University of Illinois at Urbana-Champaign. | ||
| 500 | _aIncludes index. | ||
| 504 | _aBibliography: p. [267]-280. | ||
| 650 | 0 |
_aUrbanization _zIndia _zLucknow. |
|
| 651 | 0 |
_aLucknow (India) _xHistory. |
|
| 740 | 0 | _aColonial Lucknow, 1856-1877. | |
| 856 | 4 | 2 |
_3Publisher description _uhttp://www.loc.gov/catdir/enhancements/fy1409/83016008-d.html |
| 906 |
_a7 _bcbc _corignew _d1 _eocip _f19 _gy-gencatlg |
||
| 942 |
_2ddc _cBK |
||